Fatwa antara ketelitian dan kecerobohan / (Record no. 804)

000 -LEADER
fixed length control field nam a22 a 4500
003 - CONTROL NUMBER IDENTIFIER
control field AKMAL
005 - DATE AND TIME OF LATEST TRANSACTION
control field 20170505125015.0
008 - FIXED-LENGTH DATA ELEMENTS--GENERAL INFORMATION
fixed length control field 170505s1996 my 00 may d
020 ## - INTERNATIONAL STANDARD BOOK NUMBER
International Standard Book Number 9676901563 (kkt.) :
Terms of availability RM 12.00
040 ## - CATALOGING SOURCE
Original cataloging agency AKMAL
082 04 - DEWEY DECIMAL CLASSIFICATION NUMBER
Classification number 297.1 QAR
090 00 - LOCALLY ASSIGNED LC-TYPE CALL NUMBER (OCLC); LOCAL CALL NUMBER (RLIN)
Classification number (OCLC) (R) ; Classification number, CALL (RLIN) (NR) 297.1
Local cutter number (OCLC) ; Book number/undivided call number, CALL (RLIN) QAR
100 1# - MAIN ENTRY--PERSONAL NAME
Personal name Qaradawi, Yusuf,
Dates associated with a name 1926-
9 (RLIN) 1753
245 10 - TITLE STATEMENT
Title Fatwa antara ketelitian dan kecerobohan /
Statement of responsibility, etc. Yusuf Al-Qardhawi ; penterjemah Ahmad Nuryadi Asmawi
260 ## - PUBLICATION, DISTRIBUTION, ETC.
Place of publication, distribution, etc. Batu Caves :
Name of publisher, distributor, etc. Thinker's Library,
Date of publication, distribution, etc. 1996
300 ## - PHYSICAL DESCRIPTION
Extent 129ms. ;
Dimensions 23cm.
500 ## - GENERAL NOTE
General note Terjemahan dari: Al-fatwa bayna al-indibat al-tasayyub.- Kaherah : Dar al-Sahwah, 1992
650 ## - SUBJECT ADDED ENTRY--TOPICAL TERM
Topical term or geographic name entry element Fatwas
9 (RLIN) 1754
650 ## - SUBJECT ADDED ENTRY--TOPICAL TERM
Topical term or geographic name entry element Islamic law
General subdivision Sources
9 (RLIN) 1526
700 0# - ADDED ENTRY--PERSONAL NAME
Personal name Ahmad Nuryadi Asmawi
9 (RLIN) 1755
942 ## - ADDED ENTRY ELEMENTS (KOHA)
Source of classification or shelving scheme
Koha item type Book
Holdings
Withdrawn status Lost status Source of classification or shelving scheme Damaged status Not for loan Collection code Home library Current library Shelving location Date acquired Inventory number Total Checkouts Full call number Barcode Date last seen Price effective from Koha item type
          NON-FICTION AKMAL Melaka AKMAL Melaka PINJAMAN 05.05.2017 000390   297.1 QAR 201701785 05.05.2017 05.05.2017 Book
Pusat Sumber Maklumat Dato' Haji Sarmin Md Hussin, Akademi Kastam Diraja Malaysia, Melaka
Tel: 06-2331106 | Faks: 06-2313787